The evolving world : (رقم التسجيلة. 21364)

تفاصيل مارك
000 -الفاتح
حقل البيانات ثابتة الطول 01311cam a22003854a 4500
001 - رقم الضبط
رقم الضبط 14185799
003 - محدد رقم الضبط
رقم الضبط OSt
005 - وقت وتاريخ اخر تعامل مع التسجيلة
رقم الضبط 20150408114012.0
008 - عناصر البيانات ثابتة الطول - معلومات عامة
حقل البيانات ثابتة الطول 051201s2006 mauab b 001 0 eng
010 ## - رقم ضبط مكتبة الكونجرس
رقم ضبط مكتبة الكونجرس 2005058131
015 ## - رقم الببليوجرافية الوطنية
رقم الببليوجرافية الوطنية GBA621138
المصدر bnb
016 7# - رقم ضبط الوكاله الوطنية للضبط الببليوجرافي
رقم ضبط التسجيلة 013397382
المصدر Uk
016 7# - رقم ضبط الوكاله الوطنية للضبط الببليوجرافي
رقم ضبط التسجيلة 101276814
المصدر DNLM
020 ## - الرقم الدولى المعيارى للكتب
الرقم الدولى المعيارى للكتاب 0674021916
020 ## - الرقم الدولى المعيارى للكتب
الرقم الدولى المعيارى للكتاب 9780674021914
035 ## - رقم ضبط النظام
رقم ضبط النظام (OCoLC)ocm62525256
040 ## - مصدر الفهرسة
وكالة الفهرسة الأصلية DLC
وكالة النسخ DLC
وكالة التعديل UKM
-- BAKER
-- C#P
-- COO
-- CLU
-- NLM
-- DLC
042 ## - رمز التحقق
رمز التحقق pcc
050 00 - رقم طلب مكتبة الكونجرس
رقم التصنيف QH371
رقم المادة .M54 2006
060 00 - رقم الطلب بالمكتبة الطبية الوطنية
رقم التصنيف 2006 F-692
060 10 - رقم الطلب بالمكتبة الطبية الوطنية
رقم التصنيف QH 371
رقم المادة M663e 2006
082 00 - رقم تصنيف ديوى العشرى
رقم التصنيف 576.8
رقم الطبعة 22
100 1# - المدخل الرئيسى - إسم شخصى
الإسم الشخصى Mindell, David P.
9 (RLIN) 10411
245 14 - بيان العنوان
العنوان The evolving world :
بقية العنوان evolution in everyday life /
بيان المسئوليه,etc David P. Mindell.
260 ## - PUBLICATION, DISTRIBUTION, ETC. (IMPRINT)
مكان الناشر او الموزع Cambridge, Mass. :
اسم الناشر او الموزع Harvard University Press,
تاريخ النشر أو التوزيع 2006.
300 ## - الوصف المادى
التعداد viii, 341 p. :
تفاصيل ماديه اخرى للوعاء ill., maps ;
أبعاد الوعاء 22 cm.
504 ## - تبصرة ببليوجرافية
تبصرة ببليوجرافية,الخ Includes bibliographical references (p. 315-332) and index.
650 #0 - المدخل الاضافى بالموضوع-مصطلح موضوعى
مصطلح موضوعي أو اسم جغرافي كعنصر مدخل Evolution (Biology)
650 #0 - المدخل الاضافى بالموضوع-مصطلح موضوعى
مصطلح موضوعي أو اسم جغرافي كعنصر مدخل Evolution (Biology)
التقسيم الفرعي العام Social aspects.
9 (RLIN) 10412
650 12 - المدخل الاضافى بالموضوع-مصطلح موضوعى
مصطلح موضوعي أو اسم جغرافي كعنصر مدخل Evolution.
650 12 - المدخل الاضافى بالموضوع-مصطلح موضوعى
مصطلح موضوعي أو اسم جغرافي كعنصر مدخل Sociobiology.
9 (RLIN) 10413
650 22 - المدخل الاضافى بالموضوع-مصطلح موضوعى
مصطلح موضوعي أو اسم جغرافي كعنصر مدخل Genetics, Behavioral.
9 (RLIN) 10414
942 ## - عناصر المدخل الإضافي( كوها)
مصدر التصنيف او مخطط الترفيف Dewey Decimal Classification
Koha [default] item type كتاب
المقتنيات
حالة الفقد نموذج السعر الفعال حالة تلف ليس للاعارة رقم الطلب تاريخ الاكتساب الموقع الحالي الباركود الفرع الرئيسي Date last seen نوع المادة فى نظام كوها مصدر التصنيف او خطة الترفيف Total Checkouts
  2013-03-10     576.8 M D E 2012-04-10 مكتبة مجمع الطالبات بالمجمعة (EMF) 00076191 مكتبة مجمع الطالبات بالمجمعة (EMF) 2013-03-10 كتاب Dewey Decimal Classification  
  2013-03-10     576.8 M D E 2012-04-10 مكتبة مجمع الطالبات بالمجمعة (EMF) 00076190 مكتبة مجمع الطالبات بالمجمعة (EMF) 2013-03-10 كتاب Dewey Decimal Classification  
  2013-03-10     576.8 M D E 2012-04-10 مكتبة مجمع الطالبات بالمجمعة (EMF) 00076325 مكتبة مجمع الطالبات بالمجمعة (EMF) 2013-03-10 كتاب Dewey Decimal Classification